000 00667nas a2200229 4500
001 BR9510732
003 BR-BrBNA
005 20231205094819.0
007 ta
008 230509b bl.|||p| |||| 00| 00por d
040 _aBR-BrBNA
_bpor
_cBiblioteca Nacional de Agricultura
041 _a(Pt)
072 _aM40; E21
100 1 _aAndre, C.
245 1 _aA pele do cangulo vai ajudar nossa economia
650 _aCangulo
650 _aComportamento Animal
650 _aIndustrializacao
773 0 _tAgricultura e Pecuaria (Brazil)
_xISSN 0100-249X
_g(Sep 1973), no. 583 p. 40-41
_wBR9510732
909 _a202311
_bLúcia
_c55
_dLúcia Elande
942 _2AGRIS
_n0
_cANA
999 _c147022
_d147022